klasyfikacja pucharu swiata w skokach 2022/2023 - Statystyki

Ogólne statystyki
  • Ten quiz został rozwiązany 38 razy
  • Średni wynik to 54 z 87
Statystyki odpowiedzi
Miejsce Zawodnik Punkty % Poprawnych
4 Dawid Kubacki 1592
100%
14 Kamil Stoch 608
100%
2 Stefan Kraft 1790
100%
1 Halvor Egner Granerud 2128
97%
11 Karl Geiger 736
97%
6 Piotr Żyła 984
97%
5 Ryoyu Kobayashi 1065
94%
7 Andreas Wellinger 902
91%
Junshiro Kobayashi 14
91%
21 Robert Johansson 387
91%
32 Aleksander Zniszczoł 181
88%
3 Anze Lanisek 1679
88%
31 Paweł Wąsek 190
88%
18 Daniel Andre Tande 449
85%
Domen Prevc 449
85%
10 Manuel Fettner 755
85%
20 Marius Lindvik 393
85%
25 Peter Prevc 274
85%
Pius Paschke 168
85%
38 Antti Aalto 69
82%
26 Gregor Deschwanden 270
82%
13 Jan Hoerl 639
82%
47 Simon Ammann 38
82%
33 Giovanni Bresadola 170
79%
16 Johann Andre Forfang 574
79%
74 Killian Peier 6
79%
Maciej Kot 4
79%
12 Michael Hayboeck 688
79%
8 Timi Zajc 853
79%
39 Vladimir Zografski 63
79%
Keiichi Sato 14
76%
15 Markus Eisenbichler 607
76%
30 Philipp Raimund 218
76%
28 Stephan Leyhe 231
76%
Yukiya Sato 21
76%
9 Daniel Tschofenig 851
73%
22 Lovro Kos 309
73%
24 Naoki Nakamura 275
73%
17 Ziga Jelar 498
73%
37 Niko Kytosaho 77
70%
Roman Koudelka 11
70%
78 Stefan Hula 4
70%
46 Alex Insam 40
67%
29 Clemens Aigner 227
67%
23 Constantin Schmid 280
64%
44 Jan Habdas 48
64%
27 Kristoffer Eriksen Sundal 246
64%
49 Artti Aigro 33
61%
57 Kacper Juroszek 18
61%
48 Mackenzie Boyd-Clowes 35
61%
54 Yevhen Marusiak 21
61%
45 Dominik Peter 44
58%
58 Erik Belshaw 17
58%
Fatih Arda Ipcioglu 16
58%
43 Ren Nikaido 49
58%
Andrew Urlaub 5
55%
82 Taku Takeuchi 2
55%
34 Philipp Aschenwald 168
52%
Daniel Andrei Cacina 2
48%
63 Remo Imhof 14
48%
50 Tomasz Pilch 30
48%
Casey Larson 13
45%
Decker Dean 6
45%
Anders Fannemel 4
42%
62 Eetu Nousiainen 15
42%
Fredrik Villumstad 10
42%
36 Bendik Jakobsen Heggli 85
36%
70 Felix Hoffmann 10
36%
56 Joachim Oedegaard Bjoereng 19
36%
40 Justin Lisso 60
36%
Kevin Maltsev 1
36%
85 Radek Rydl 1
36%
66 Vilho Palosaari 13
36%
41 Clemens Leitner 59
33%
42 Rok Masle 51
33%
51 Zak Mogel 29
33%
Benjamin Oestvold 17
30%
60 Maximilian Steiner 16
30%
68 Maksim Bartolj 11
27%
81 Maximilian Ortner 3
27%
53 Sondre Ringen 24
27%
Danil Vassilyev 2
24%
52 Jonas Schuster 26
24%
72 Markus Mueller 8
24%
Ulrich Wohlgenannt 1
24%
73 Markus Rupitsch 7
21%
76 Matija Vidic 5
18%
Nie znaleziono quizów pasujących do podanych kryteriów
Rozkład punktacji
Procent ludzi z każdym wynikiem
Percentyl według liczby udzielonych odpowiedzi
Twoja historia wyników
Nie rozwiązałeś tego quizu